000 00632nam a2200193 i 4500
001 133801
003 ES-MaACL
005 20250812021620.0
007 t|
008 070829s1925 sp ||||1| spa d
100 1 _aWorringer, Wilhelm.
_9117378
245 1 3 _aLa esencia del estilo gótico /
_cGuillermo Worringer ; traducción del alemán por Manuel G. Morente.
260 _aMadrid :
_b[Rafael Caro Raggio],
_c1925.
300 _a157 p. :
_bil. ;
_c22 cm.
650 1 7 _aArte gótico
_2embne
_910212
700 1 _aGarcía Morente, Manuel,
_d1886-1942
_955002
852 _aES-MaACL
_jF-5530
999 _c133801
_d133801